Statistics for Countries Most Similar to Armenia

Click here to take the quiz!

General Stats

  • This quiz has been taken 14 times
  • The average score is 10 of 14

Answer Stats

# Country Starts with Continent % Correct
Area11,484 ArmeniaA|B|C|D|E|F|G|H|I|J|K|L|M|N|O|P|Q|R|S|T|U|V|W|X|Y|ZAAsia
100%
Area11,720LesothoLAfrica
77%
Area10,747BurundiBAfrica
77%
Area10,710HaitiHNorth America
77%
Population2,801,264LithuaniaLEurope
77%
Area11,787BelgiumBEurope
69%
Area11,157Solomon IslandsSOceania
69%
Area11,100AlbaniaAEurope
69%
Population2,934,847JamaicaJNorth America
69%
Population2,781,682QatarQAsia
69%
Population3,170,216MongoliaMAsia
54%
Area10,831Equatorial GuineaEAfrica
46%

Score Distribution

Percentile by Number Answered

Percent of People with Each Score

Your Score History

You have not taken this quiz